000 00462nam a2200181 a 4500
001 1767246829975
003 ACL
005 20260101112645.0
008 260101s2009##################000#0#eng##
020 _a9781437705966
082 0 4 _a617.51
_bBEC
100 1 _aBecker, Samuel S.,
_eauthor.
245 1 0 _aSurgical Management of Nasal Obstruction :
260 _bClinics: Surgery,
_c2009.
650 0 _aMedical.
942 _cENGLISH
040 _aACL
_beng
_cACL
999 _c606361
_d606361